00000000nam##2200000za#4500
0019.574528
003CaOODSP
00520210624184228
007cr |||||||||||
008150406|2006||||xxc|||||o    f|0| 0 eng|d
040 |aCaOODSP|beng
043 |an-cn---
0861 |aTU3-5/06-29E-PDF
1102 |aTransportation Safety Board of Canada.
24510|aLoss of control – transmission pylon support spindle fracture - Quantum Helicopters Ltd. Bell 206B (helicopter) C-GSLV, Alice Arm, British Columbia, 19 September 2006 |h[electronic resource]
260 |aGatineau - Quebec : |bTransportation Safety Board of Canada |c2007.
300 |a15p.|bfig., photographs
4901 |aAviation investigation report |vA06P0190
500 |a"The Board authorized the release of this report on 29 November 2007" --p.14.
590 |a12-33-Supp|b2012-07-18
77508|tPerte de maîtrise causée par la rupture d'un axe de support du pylône de la boîte de transmission de l'hélicoptère Bell 206B C-GSLV, exploité par Quantum Helicopters Ltd. à Alice Arm (Colombie-Britannique), le 19 septembre 2006 |w(CaOODSP)9.604272
830#0|aAviation investigation report ;|vA06P0190|w(CaOODSP)9.504825
85640|ahttp://publications.gc.ca|qPDF|s399 KB|uhttps://publications.gc.ca/collections/collection_2012/bst-tsb/TU3-5-06-29-eng.pdf|yA06P0190